Subnature : (Record no. 352718)

000 -LEADER
fixed length control field 01311 a2200313 4500
003 - CONTROL NUMBER IDENTIFIER
control field OSt
005 - DATE AND TIME OF LATEST TRANSACTION
control field 20180116192343.0
008 - FIXED-LENGTH DATA ELEMENTS--GENERAL INFORMATION
fixed length control field 120529t xxu||||| |||| 00| 0 eng d
010 ## - LIBRARY OF CONGRESS CONTROL NUMBER
LC control number 2009008062
020 ## - INTERNATIONAL STANDARD BOOK NUMBER
International Standard Book Number 9781568987774
020 ## - INTERNATIONAL STANDARD BOOK NUMBER
International Standard Book Number 1568987773
035 ## - SYSTEM CONTROL NUMBER
System control number (OCoLC)ocn314113421
040 ## - CATALOGING SOURCE
Transcribing agency 0
082 00 - DEWEY DECIMAL CLASSIFICATION NUMBER
Classification number 710.47
100 1# - MAIN ENTRY--PERSONAL NAME
Personal name Gissen, David.
9 (RLIN) 2540
245 10 - TITLE STATEMENT
Title Subnature :
Remainder of title architecture's other environments : atmospheres, matter, life /
Statement of responsibility, etc. David Gissen.
246 30 - VARYING FORM OF TITLE
Title proper/short title Architecture's other environments
250 ## - EDITION STATEMENT
Edition statement 1st ed.
260 ## - PUBLICATION, DISTRIBUTION, ETC.
Place of publication, distribution, etc. New York :
Name of publisher, distributor, etc. Princeton Architectural Press,
Date of publication, distribution, etc. c2009.
300 ## - PHYSICAL DESCRIPTION
Extent 224 p. :
Other physical details ill. (some col.) ;
Dimensions 23 cm.
505 0# - FORMATTED CONTENTS NOTE
Formatted contents note Pt. 1. Dankness -- Smoke -- Gas -- Exhaust -- Pt. 2. Dust -- Puddles -- Mud -- Debris -- Pt. 3. Weeds -- Insects -- Pigeons -- Crowds.
650 #0 - SUBJECT ADDED ENTRY--TOPICAL TERM
Topical term or geographic name entry element Architecture
General subdivision Environmental aspects.
9 (RLIN) 2541
650 #0 - SUBJECT ADDED ENTRY--TOPICAL TERM
Topical term or geographic name entry element Architecture
General subdivision Human factors.
9 (RLIN) 2542
650 #0 - SUBJECT ADDED ENTRY--TOPICAL TERM
Topical term or geographic name entry element Buildings
General subdivision Environmental engineering.
9 (RLIN) 2543
856 42 - ELECTRONIC LOCATION AND ACCESS
Materials specified Contributor biographical information
Uniform Resource Identifier <a href="http://www.loc.gov/catdir/enhancements/fy1010/2009008062-b.html">http://www.loc.gov/catdir/enhancements/fy1010/2009008062-b.html</a>
856 42 - ELECTRONIC LOCATION AND ACCESS
Materials specified Publisher description
Uniform Resource Identifier <a href="http://www.loc.gov/catdir/enhancements/fy1010/2009008062-d.html">http://www.loc.gov/catdir/enhancements/fy1010/2009008062-d.html</a>
942 ## - ADDED ENTRY ELEMENTS (KOHA)
Institution code [OBSOLETE] SADA
Koha item type Book
Call number prefix 710.47 GIS 2009
Source of classification or shelving scheme
Holdings
Withdrawn status Lost status Source of classification or shelving scheme Damaged status Not for loan Permanent Location Current Location Date acquired Total Checkouts Full call number Barcode Date last seen Date last checked out Cost, replacement price Price effective from Koha item type
          School of Art Design and Architecture (SADA) School of Art Design and Architecture (SADA) 04/11/2011 1 710.47 GIS 2009 SADA0000753 04/17/2012 04/10/2012 2488.00 08/05/2011 Book
© 2023 Central Library, National University of Sciences and Technology. All Rights Reserved.